Organizační struktura - organizační kultura - podnikání

Organizačná štruktúra podniku v trhovej ekonomike. Charakteristika 5-tich spôsobov organizačnej štrukturalizácie v poľnohospodárstve. Organizačná kultúra v trhovo orientovaných podnikoch.

Saved in:
Bibliographic Details
Main Author: Novák, K.
Format: Book Chapter
Language:Czech
Subjects:
Tags: Add Tag
No Tags, Be the first to tag this record!

MARC

LEADER 00000naa a2200000 4500
001 r014346
005 20221205075443.2
041 0 |a cze 
044 |a SK 
245 1 0 |a Organizační struktura - organizační kultura - podnikání  |c K. Novák 
520 |a Organizačná štruktúra podniku v trhovej ekonomike. Charakteristika 5-tich spôsobov organizačnej štrukturalizácie v poľnohospodárstve. Organizačná kultúra v trhovo orientovaných podnikoch. 
610 2 0 |a štruktúra podniku organizačná 
610 2 0 |a poľnohospodárstvo 
610 2 0 |a podnikanie 
610 2 0 |a hospodárstvo trhové 
100 1 |a Novák, K.